Europei 2024 - Rosa nazionale: Francia - Statistics

Statistiche generali
  • Questo quiz è stato fatto 55 volte
  • Il punteggio medio è 15 su 26
Statistiche sulle risposte
# Ruolo Giocatore % Corretto
10 A Kylian Mbappé
95%
22 D Theo Hernández
88%
16 P Mike Maignan
86%
9 A Olivier Giroud
79%
11 A Ousmane Dembélé
77%
14 C Adrien Rabiot
74%
13 C N'Golo Kanté
74%
7 C Antoine Griezmann
72%
- Allenatore Didier Deschamps
70%
2 D Benjamin Pavard
67%
4 D Dayot Upamecano
67%
6 C Eduardo Camavinga
67%
15 A Marcus Thuram
65%
12 A Randal Kolo Muani
65%
8 C Aurélien Tchouameni
58%
23 P Alphonse Areola
56%
25 A Bradley Barcola
47%
19 C Youssouf Fofana
47%
5 D Jules Koundé
44%
24 D Ibrahima Konaté
42%
17 D William Saliba
42%
20 A Kingsley Coman
40%
1 P Brice Samba
37%
21 D Jonathan Clauss
30%
3 D Ferland Mendy
26%
18 C Warren Zaïre-Emery
23%
Nessun quiz corrispondente trovato
Distribuzione punteggi
Percentuale di utenti per punteggio
Percentile per numero di risposta
I tuoi punteggi nel tempo
Non hai fatto questo quiz